000 00562cam a2200229 i 4500
001 1309912
005 20180221040935.0
008 771205s1977 at bs 001 0 eng
010 _a 77376054
015 _aAus
020 _a0702214035
040 _aDLC
_cDLC
_dDLC
041 _aeng
080 _a301.162
082 0 0 _a301.162 EDG
100 1 _a20
101 _aSHP
245 1 0 _aChildren and screen violence /
_cPatricia Edgar.
504 _aBibliography: p. 265-270.
906 _a7
_bcbc
_corignew
_d3
_encip
_f19
_gy-gencatlg
942 _2ddc
_cBK
999 _c43012
_d43012